La ESCUELA del técnico mecánico : tratado de mecánica y de sus ciencias auxiliares, destinado a la enseñanza autodidáctica, iniciado por Karl George Weitzel, publicado bajo la dirección de Alfred Holzt.
Guardado en:
| Formato: | Libro |
|---|---|
| Idioma: | Spanish |
| Publicado: |
Barcelona :
Labor,
1948.
|
| Etiquetas: |
Agregar Etiqueta
Sin Etiquetas, Sea el primero en etiquetar este registro!
|
| LEADER | 00561nam a22001335a 4500 | ||
|---|---|---|---|
| 001 | EUN.um033352 | ||
| 003 | AR-BaUNS | ||
| 005 | 20050623122907.0 | ||
| 008 | 041125s1948####sp#a##########000#0#spa#d | ||
| 245 | 0 | 3 | |a La ESCUELA del técnico mecánico : |b tratado de mecánica y de sus ciencias auxiliares, destinado a la enseñanza autodidáctica, iniciado por Karl George Weitzel, publicado bajo la dirección de Alfred Holzt. |
| 260 | |a Barcelona : |b Labor, |c 1948. | ||
| 300 | |a 7 v. : |b ilus. ; |c 22 cm. | ||
| 082 | 0 | 4 | |a 621 |
| 859 | |a Ar-BaUNS |b BIB. CENTRAL - Sector C |h 621 |i Es19 |p 106952/997 |v v.5 | ||
